000 00260nam a2200097Ia 4500
001 1002917
005 20250826230439.0
008 250824s9999 xx 000 0 und d
245 0 _aKÜÇÜK VAMPİR KİTAP OKUYOR
_cANGELA SOMMER
260 _bHEP KİTAP YAYINLARI
999 _c1002917
_d1002917